00854nam a22002537a 45000010005000000030006000050050017000110080041000280200018000690400029000870500020001160820010001361000027001462450060001732500032002332600041002653000059003064900031003655050008003965200123004045210028005275210020005556500025005754508FISKH20240912134842.0240912b cb ||||| |||| 00| 0 eng d a9780312508302 aFISKHbengcFISKHdFISKH aQC495.C64145215 a535.6 aPriddy, Rogereauthor  aColors (Bright Baby Touch and Feel) / cby Roger Priddy aThis edition published 2009 aNew York :bMartin's Press ; c2008. a10 unnumbered pages : bcolor illustrations ;c20 cm . abright baby touch and feel aB  aThis first learning book is an ideal introduction to colors and has exciting textures for your baby to touch and feel.8 a40 bLexile estimate 8 aB bRaz-Plus  acolor vnon-fiction